|
|
|
|
| LEADER |
00710nta a2200205 i 4500 |
| 001 |
dokt8300 |
| 005 |
20221109105129.0 |
| 008 |
221109s1973 hu om 0|| hun d |
| 040 |
|
|
|a SZTE Doktori Repozitórium
|b hun
|
| 041 |
|
|
|a hun
|
| 100 |
1 |
|
|a Molnár Miklós
|
| 245 |
1 |
0 |
|a Szerves festéket tartamazó detergens (micella)-rendszerek stabilitásának vizsgálata
|h [elektronikus dokumentum] /
|c Molnár Miklós
|
| 260 |
|
|
|c 1973
|
| 502 |
|
|
|a Disszertacio
|
| 650 |
|
4 |
|a fizikai tudományok
|
| 650 |
|
4 |
|a Természettudományok
|
| 650 |
|
4 |
|a Fizikai tudományok
|
| 695 |
|
|
|a Fizika
|
| 700 |
1 |
|
|a Hevesi János
|e ths
|
| 856 |
4 |
0 |
|u https://doktori.bibl.u-szeged.hu/id/eprint/8300/1/1973_molnar_miklos.pdf
|z Dokumentum-elérés
|